Statistics for Denver Broncos Leaders by Year

Click here to take the quiz!

General Stats

  • This quiz has been taken 667 times
    (26 since last reset)
  • The average score is 19 of 40

Answer Stats

Year Player % Correct
1990, 1991, 1992, 1993, 1994, 1995, 1996, 1997, 1998John Elway
96%
2012, 2013, 2014, 2015Peyton Manning
96%
2012, 2013, 2014, 2015, 2016, 2017Demaryius Thomas
96%
2019Joe Flacco
92%
1995, 1996, 1997, 1998, 2001Terrell Davis
88%
2000, 2005Mike Anderson
84%
2014, 2017C.J. Anderson
84%
2018, 2019Philip Lindsay
84%
2018Emmanuel Sanders
84%
2018Case Keenum
80%
2011Tim Tebow
76%
2019Courtland Sutton
68%
2016, 2017Trevor Siemian
68%
2007, 2008Jay Cutler
64%
1997, 1998, 1999, 2000, 2001, 2002, 2003, 2004, 2005Rod Smith
60%
1993, 1996Shannon Sharpe
60%
2003, 2004, 2005, 2006Jake Plummer
60%
2009, 2010Kyle Orton
52%
2009, 2010, 2013Knowshon Moreno
52%
2002, 2003Clinton Portis
48%
1999, 2000, 2001, 2002Brian Griese
44%
2007, 2008, 2009Brandon Marshall
40%
2011Eric Decker
36%
1990, 1992Mark Jackson
32%
2011, 2012Willis McGahee
32%
2016Devontae Booker
32%
2010Brandon Lloyd
24%
1999Olandis Gary
24%
2015Ronnie Hillman
20%
2004Reuben Droughns
20%
2006Tatum Bell
16%
2008Peyton Hillis
12%
1990Bobby Humphrey
12%
1994, 1995Anthony Miller
8%
1991, 1992Gaston Green
8%
1991Mike Young
4%
2006Javon Walker
4%
2007Selvin Young
4%
1993Rod Bernstine
0%
1994Leonard Russell
0%

Score Distribution

Percentile by Number Answered

Percent of People with Each Score

Your Score History

You have not taken this quiz since the last reset